000 00607nam a22002537a 4500
999 _c309753
_d309753
001 23505
003 UA-OsUOA
005 20200429002535.0
007 ta
008 20040122b un ||||| |||| 00| 0 ukr d
020 _a5770794232
040 _aUA-OsUOA
_bukr
_cUA-OsUOA
_dUA-OsUOA
041 _aukr
044 _aUA
080 _a316(0758)
090 _a316(0758)
_bП61
100 _aПопова І.М.
245 _aСоціологія
_bПропедевтичний курс
260 _aКиїв
_bТАНДЕМ
_c1996
300 _a271 с.
650 7 _2UDC
942 _cBK
_2udc
955 _a2